AOHNA : Ejercicios de griego. Primer curso
Spremljeno u:
| Glavni autor: | |
|---|---|
| Format: | Knjiga |
| Jezik: | Undetermined |
| Izdano: |
Barcelona, España
Bosch,Casa Editorial
1980
|
| Izdanje: | 23 |
| Teme: | |
| Oznake: |
Dodaj oznaku
Bez oznaka, Budi prvi tko označuje ovaj zapis!
|
MARC
| LEADER | 00000nam a2200000Ia 4500 | ||
|---|---|---|---|
| 008 | 170316s9999 xx 000 0 und d | ||
| 090 | |a 415-G B-1e | ||
| 100 | |a Berenguer Amenós, Jaime | ||
| 245 | |a AOHNA : Ejercicios de griego. Primer curso | ||
| 250 | |a 23 | ||
| 260 | |a Barcelona, España | ||
| 260 | |b Bosch,Casa Editorial | ||
| 260 | |c 1980 | ||
| 300 | |a 228 páginas | ||
| 650 | |a GRAMÁTICA GRIEGA | ||
| 650 | |a EL SUSTANTIVO | ||
| 650 | |a EL ADJETIVO | ||
| 650 | |a PRONOMBRE | ||
| 650 | |a EL VERBO | ||
| 650 | |a EL ADVERBIO | ||
| 650 | |a LA PREPOSICIÓN | ||
| 650 | |a LA CONJUNCION | ||
| 999 | |c 19262 |d 19262 | ||
| 040 | |a cru BVZT | ||
| 942 | |c 15 D |h 415-G B-1e |2 z | ||
